000 00758 a2200193 4500
001 59597
005 20260407155850.0
008 260407a1978 arg spa d
003 AR-UNSa-BCEJYS
040 _aAR-UNSa-BCEJYS
_bspa
_cAR-UNSa-BCEJYS
080 _a330.32
_xNueva formación de capital (Inversión)
245 1 0 _aTeoría de la inversión
264 1 _aBuenos Aires :
_bEl Ateneo
_c1978
300 _a154 p.
_c18 cm.
505 _a1. Conceptos fundamentales - 2. Teoría general del cálculo de economicidad - 3. Aplicación del cálculo de economicidad en algunos problemas prácticos importantes - 4. Dificultades y límites del cálculo de economicidad
942 _cBK
590 _aniveau_biblio:m niveau_hierar:0
100 1 _aSchneider, Erich
999 _c6749
_d6749